000 00660nam a2200241Ia 4500
003 OSt
005 20220924131810.0
006 a|||||r|||| 00| 0
007 ta
008 220923b |||||||| |||| 00| 0 tel d
020 _c50.00
024 _a336773
037 _cTextual
040 _aARTS
_cARTS
_btel
041 _2tel
_atel
082 _a035,3NRAV4,1, P1
100 _aGummadi Ravindranath Au.
_9202897
245 0 _aHi tech priyudu
260 _aVijayawada
_bAvinash prachuranalu
_c2001
650 _aTELUGU FICTION
942 _h035,3NRAV4,1, P1
_cTEXL
_2CC
999 _c428223
_d428223